000 00661nam a22002177a 4500
003 DO-SdBNP
005 20210909141544.0
007 ta
008 210909b pr 2016 00| 0 eng d
020 _a9789945581836
040 _aDO-SdBNP
_bspa
_cBNPHU
100 1 _aSantiago-Ibarra, Beatriz Mayté,
_d1957-
_979806
245 1 _aInterexterior de la terrícola /
_cBeatriz Mayté Santiago-Ibarra
260 _aSan Juan, Puerto Rico :
_bIsla Negra,
_c2016.
300 _a147 p. ;
_c22 cm.
490 _aFilo de fuego
500 _aIncluye datos biográficos de la autora en las solapas
830 _nFilo de fuego
_97107
910 _aBtavárez
942 _2ddc
_cLBS1
999 _c50459
_d50459